| 000 | 00506nam a22001577a 4500 | ||
|---|---|---|---|
| 999 |
_c19251 _d19251 |
||
| 008 | 240221b ||||| |||| 00| 0 eng d | ||
| 020 | _a9781119894650 | ||
| 082 |
_aDC 469.798 _bSi94 2022 |
||
| 100 |
_aSive, Karen Jacobson, _eauthor. _952868 |
||
| 245 |
_aBrazilian Portuguese / _cKaren Jacobson-Sive. |
||
| 250 | _a3rd edition. | ||
| 260 |
_aHoboken, NJ : _bWiley, _c©2023. |
||
| 300 |
_axiv, 410 pages : _billustrations ; _c23 cm. |
||
| 650 |
_aPortuguese language _xGrammar. _952869 |
||
| 942 |
_2ddc _cDC |
||